Responses for Show #4401 - Monday, October 27, 2003

Contestants

[<< previous game]

Chrissy Adams, a teacher and stay-at-home mom from Montclair, New Jersey

John Lindquist, an attorney from Marietta, Georgia

Mike Garabedian, a graduate student from Whittier, California (whose 2-day cash winnings total $42,402)

[next game >>]

Jeopardy! Round responses

EXTINCT NAMES
ROCK "AND" ROLL
FOOD STUFF
WHICH U.S. CABINET DEPARTMENT?
ALTAR EGOS
ANAGRAMS
    $200 16
king

Chrissy
    $200 1
"Twist And Shout"

John
    $200 6
blintzes

John
    $200 19
Department of Agriculture

Chrissy
    $200 11
the pope

Mike
    $200 26
thaw

John
    $400 17
first bird

John
    $400 2
Captain & Tennille

John
    $400 7
tomatoes

Chrissy
    $400 20
Department of Labor

Chrissy
    $400 12
a chaplain

Mike
    $400 27
sobs

Triple Stumper
    $1,600 18
(John: What is Europe?)

South America

John
    $600 3
"Tossin' And Turnin'"

Mike
    $600 8
fava bean

Mike
    $600 21
the Treasury

Mike
    $600 13
lama

John
    $600 28
lemon

John
    $800 22
a fish

John
    $800 4
"Ebony And Ivory"

Mike
    $800 9
cyanide

Mike
    $800 24
Department of Health & Human Services

John
    $800 14
the Ayatollah Khomeini

John
    $800 29
marching

John
    $1000 23
thunder

Chrissy
    $1000 5
Derek and the Dominos

John
    $1000 10
gnocchi

Mike
    $1000 25
Department of Commerce

John
    $1000 15
patriarch

Mike
    $1000 30
treason

Triple Stumper

Scores at the first commercial break (after clue 15):

Mike John Chrissy
$5,400 $3,200 $400

Scores at the end of the Jeopardy! Round:

Mike John Chrissy
$6,000 $6,200 $2,200

Double Jeopardy! Round responses

EUROPEAN HISTORY
NETWORKING
THANKS FOR THE MEMOIRS
A SOUTHERN CALIFORNIA OVERVIEW
IN BETWEENERS
SPECIAL "K"
    $400 1
Battle of Waterloo

John
    $400 20
Food Network

John
    $400 6
China

Chrissy
    $400 26
the Coliseum

Mike
    $400 15
chocolate

John
    $400 10
King Kong

John
    $800 2
Alfred the Great

Chrissy
    $800 21
Game Show Network

John
    $800 7
William Buckley

John
    $800 27
(Chrissy: What is the Queen Elizabeth II?)

the Queen Mary

MikeChrissy
    $800 16
a baritone

Chrissy
    $800 11
Robert Kennedy

Chrissy
    $2,000 3
(the Battle of) Marathon

Chrissy
    $1200 22
the WB

John
    $1200 8
Blonde

Triple Stumper
    $1200 28
the Pacific Coast Highway

John
    $1200 17
Tom Arnold

John
    $1200 12
K-rations

Triple Stumper
    $1600 4
(John: Who is Franco?)

Antonio Salazar

John
Triple Stumper
    $1600 23
HBO

Mike
    $1600 9
Iris Murdoch

Triple Stumper
    $1600 29
MacArthur Park

Mike
    $600 18
(Alex: That's it, Times Square.)

42nd Street

John
    $1600 13
Krishna

John
    $2000 5
(Chrissy: Who is Juana?)

Empress Maria Theresa

Chrissy
Triple Stumper
    $2000 24
Comedy Central

John
    $2000 25
Queen Noor

Chrissy
    $2000 30
Venice (California)

Chrissy
    $2000 19
(Alex: Capital, San Jose.)

Costa Rica

John
    $2000 14
(Mike: What is Kiev?)

Kinshasa

Mike
Triple Stumper

Scores at the end of the Double Jeopardy! Round:

Mike John Chrissy
$8,400 $17,600 $8,200
(lock game)

[wagering suggestions for these scores]

Final Jeopardy! Round responses

THE AMERICAN REVOLUTION
ChrissyWho are the Sons of Liberty
$8,000
MikeWho are the DAR?
$8,001
JohnWho is ?
$400
Daughters of Liberty

Final scores:

Mike John Chrissy
$399 $17,200 $200
2nd place: $2,000 New champion: $17,200 3rd place: $1,000

Game dynamics:

Coryat scores:

Mike John Chrissy
$8,400 $20,200 $7,400
13 R,
1 W
26 R
(including 1 DD),
2 W
(including 1 DD)
12 R
(including 1 DD),
2 W

Combined Coryat: $36,000

[game clues] [game scores] [suggest correction]

Game tape date: 2003-08-19
The J! Archive is created by fans, for fans. Scraping, republication, monetization, and malicious use prohibited; this site may use cookies and collect identifying information. See terms. The Jeopardy! game show and all elements thereof, including but not limited to copyright and trademark thereto, are the property of Jeopardy Productions, Inc. and are protected under law. This website is not affiliated with, sponsored by, or operated by Jeopardy Productions, Inc. Join the discussion at JBoard.tv.